[Event "III Memorial Pedro Lezcano Montalvo 10"]
[Site "Gran Canaria (ESP)"]
[Date "2010.03.30"]
[Round "2.11"]
[White "Lopez Colon, Francisco"]
[Black "Alvarado Diaz, Alejandro"]
[Result "0-1"]
[WhiteElo "2245"]
[BlackElo "1935"]
[PlyCount "106"]
[EventDate "2010.03.29"]
[EventType "swiss"]
[EventRounds "9"]
[EventCountry "ESP"]
[Source "Arranz, Pablo"]
[SourceDate "2010.03.29"]

1. d4 Nf6 2. c4 g6 3. Nc3 Bg7 4. e4 d6 5. f3 O-O 6. Be3 c6 7. Qd2 e5 8. O-O-O
Nbd7 9. g4 a6 10. h4 b5 11. h5 Rb8 12. dxe5 dxe5 13. hxg6 fxg6 14. g5 Nh5 15.
Bh3 Qe7 16. Bg4 Nf4 17. Bxd7 Rd8 18. Qh2 Bxd7 19. Qxh7+ Kf7 20. Bxf4 Rh8 21.
Qxh8 Rxh8 22. Rxh8 Bxh8 23. Be3 Be6 24. c5 Bg7 25. b4 Bf8 26. Kb2 Bc4 27. Rd6
Qc7 28. Rd2 a5 29. a3 a4 30. Nh3 Qc8 31. Nf2 Qe6 32. Kc1 Bf1 33. Rb2 Kg7 34.
Kd2 Bg2 35. f4 exf4 36. Bxf4 Kg8 37. Ke3 Bg7 38. Nfd1 Qh3+ 39. Kd2 Bxe4 40.
Nxe4 Bxb2 41. Nxb2 Qg2+ 42. Kc3 Qxe4 43. Bc1 Qb1 44. Nd3 Qb3+ 45. Kd4 Qd5+ 46.
Kc3 Qg2 47. Kd4 Qg3 48. Kc3 Kf7 49. Kd4 Ke6 50. Ke4 Qg2+ 51. Kd4 Kf5 52. Kc3
Ke4 53. Ne1 Qg3+ 0-1

[Event "III Memorial Pedro Lezcano Montalvo 10"]
[Site "Gran Canaria (ESP)"]
[Date "2010.03.30"]
[Round "2.12"]
[White "Navarro Molina, David"]
[Black "Morales Camacho, Julian"]
[Result "1-0"]
[WhiteElo "1967"]
[BlackElo "2240"]
[PlyCount "80"]
[EventDate "2010.03.29"]
[EventType "swiss"]
[EventRounds "9"]
[EventCountry "ESP"]
[Source "Arranz, Pablo"]
[SourceDate "2010.03.29"]

1. d4 e6 2. Nf3 d5 3. c4 Nf6 4. Nc3 Bb4 5. e3 O-O 6. Bd3 c5 7. O-O Nc6 8. dxc5
dxc4 9. Bxc4 Bxc3 10. bxc3 Qa5 11. Qe2 e5 12. Nd2 e4 13. Nb3 Qc7 14. Qc2 Qe5
15. f4 exf3 16. gxf3 Bh3 17. Rf2 Rad8 18. e4 Qh5 19. Bf1 Bxf1 20. Rxf1 Ne5 21.
Nd4 Rxd4 22. cxd4 Nxf3+ 23. Kh1 Nxd4 24. Qg2 Qg4 25. Bb2 Qxg2+ 26. Kxg2 Nc2 27.
Rxf6 gxf6 28. Rg1 Rc8 29. Kf3+ Kf8 30. Bxf6 Rxc5 31. Rd1 Rc8 32. Rd7 Nb4 33. a3
Nc6 34. Rxb7 Ke8 35. Kf4 Ra8 36. Kg5 Kf8 37. Kh6 Re8 38. Rc7 Na5 39. Rxa7 Nb3
40. Kxh7 Nc5 1-0

[Event "III Memorial Pedro Lezcano Montalvo 10"]
[Site "Gran Canaria (ESP)"]
[Date "2010.03.30"]
[Round "2.13"]
[White "Capote Robayna, Nathaniel"]
[Black "Alvarado Ascanio, Francisco"]
[Result "0-1"]
[WhiteElo "1933"]
[BlackElo "2230"]
[PlyCount "82"]
[EventDate "2010.03.29"]
[EventType "swiss"]
[EventRounds "9"]
[EventCountry "ESP"]
[Source "Arranz, Pablo"]
[SourceDate "2010.03.29"]

1. e4 e6 2. d4 d5 3. Nd2 Nf6 4. e5 Nfd7 5. Bd3 c5 6. c3 Nc6 7. Ne2 cxd4 8. cxd4
f6 9. exf6 Nxf6 10. O-O Bd6 11. Nf3 Qc7 12. Bg5 O-O 13. Bh4 g6 14. Bg3 Nh5 15.
Bxd6 Qxd6 16. Re1 a6 17. Rc1 Bd7 18. a3 Rf6 19. Nc3 Raf8 20. Bf1 Rf4 21. Rc2
Ng7 22. Rd2 R4f5 23. Na2 h6 24. Nc1 g5 25. Nd3 Be8 26. Nde5 Bh5 27. Qb3 Bxf3
28. Nxf3 R8f7 29. Qb6 Rxf3 30. gxf3 Qf4 31. Red1 Nf5 32. Bg2 Rg7 33. Rd3 g4 34.
fxg4 Qxg4 35. Kf1 Qxg2+ 36. Ke1 Qe4+ 37. Kf1 Nh4 38. Re3 Rg1+ 39. Ke2 Qg4+ 40.
Kd3 Qxd1+ 41. Kc3 Qc1+ 0-1

[Event "III Memorial Pedro Lezcano Montalvo 10"]
[Site "Gran Canaria (ESP)"]
[Date "2010.03.30"]
[Round "2.14"]
[White "Gonzalez Garcia, Guillermo"]
[Black "Ramirez Medina, Oscar"]
[Result "1-0"]
[WhiteElo "2217"]
[BlackElo "1914"]
[PlyCount "101"]
[EventDate "2010.03.29"]
[EventType "swiss"]
[EventRounds "9"]
[EventCountry "ESP"]
[Source "Arranz, Pablo"]
[SourceDate "2010.03.29"]

1. c4 c5 2. Nf3 e6 3. d4 cxd4 4. Nxd4 Bb4+ 5. Bd2 Bxd2+ 6. Qxd2 a6 7. e4 Ne7 8.
Nc3 O-O 9. Nb3 Qc7 10. Rd1 Nbc6 11. Qd6 Qxd6 12. Rxd6 f5 13. Be2 fxe4 14. Nxe4
Nf5 15. Rd2 d5 16. cxd5 exd5 17. Ng3 Nxg3 18. hxg3 Bf5 19. O-O Rae8 20. Rc1 Re7
21. g4 Be4 22. f3 Bg6 23. Bf1 Rd8 24. Nd4 Ne5 25. b3 h5 26. gxh5 Bxh5 27. Be2
Be8 28. Kf2 Ng6 29. g3 Nf8 30. Rc5 Bg6 31. b4 Red7 32. Bd1 Bf7 33. Ba4 b5 34.
Bb3 Ne6 35. Nxe6 Bxe6 36. Rc6 Rd6 37. Rxd6 Rxd6 38. Ke3 Kf7 39. Kd4 Ke7 40. Rc2
a5 41. Rc7+ Kd8 42. Rxg7 a4 43. Bc2 Bd7 44. Bd3 Rf6 45. f4 Rh6 46. Rh7 Rf6 47.
a3 Rd6 48. f5 Rf6 49. g4 Rf8 50. Be2 Re8 51. Rxd7+ 1-0

[Event "III Memorial Pedro Lezcano Montalvo 10"]
[Site "Gran Canaria (ESP)"]
[Date "2010.03.30"]
[Round "2.15"]
[White "Mayor Gonzalez, Julio"]
[Black "Gutierrez Olivares, Daniel"]
[Result "1-0"]
[WhiteElo "1913"]
[BlackElo "2190"]
[PlyCount "143"]
[EventDate "2010.03.29"]
[EventType "swiss"]
[EventRounds "9"]
[EventCountry "ESP"]
[Source "Arranz, Pablo"]
[SourceDate "2010.03.29"]

1. d4 e6 2. Nf3 Nf6 3. e3 b6 4. Bd3 Bb7 5. Nbd2 Be7 6. O-O c5 7. c3 d6 8. e4
Nc6 9. dxc5 bxc5 10. Qa4 O-O 11. Re1 e5 12. Nf1 Nh5 13. g3 Qe8 14. Qc2 Nd8 15.
Ne3 g6 16. Bc4 Nf6 17. Nd5 Nxd5 18. exd5 Bf6 19. Qd3 Bg7 20. Bg5 f6 21. Bd2 Bc8
22. Nh4 f5 23. f4 e4 24. Qe2 Nf7 25. Rab1 a5 26. b4 axb4 27. cxb4 Bd4+ 28. Kh1
Qd8 29. Ng2 Kg7 30. Qd1 h6 31. a4 cxb4 32. Bxb4 Qf6 33. Re2 g5 34. Bd2 Ba6 35.
Bxa6 Rxa6 36. Qb3 Rfa8 37. a5 Nd8 38. Be1 R6a7 39. Rc1 Qf7 40. Qc4 Bc5 41. Ra2
Ra6 42. Rb1 R8a7 43. Rb8 Nb7 44. fxg5 hxg5 45. Qc3+ Kg6 46. Qh8 Nd8 47. Rxd8
Qxd5 48. Rg8+ Kf7 49. Rg7+ Ke6 50. Qg8+ Ke5 51. Bc3+ Bd4 52. Qxd5+ Kxd5 53.
Rxa7 Bxa7 54. Bd2 g4 55. Ne3+ Ke6 56. Rc2 d5 57. Ng2 d4 58. Nf4+ Ke5 59. Kg2 e3
60. Be1 Ke4 61. Rc8 Ke5 62. Bb4 Kf6 63. Kf1 Ke5 64. Ke2 Kf6 65. Rf8+ Ke5 66.
Kd3 Rc6 67. Re8+ Kf6 68. Nd5+ Kg5 69. Rg8+ Kh6 70. Ne7 Rf6 71. Ra8 Bb6 72. Ng8+
1-0

[Event "III Memorial Pedro Lezcano Montalvo 10"]
[Site "Gran Canaria (ESP)"]
[Date "2010.03.31"]
[Round "3.1"]
[White "Vega Gutierrez, Sabrina Neide"]
[Black "Strikovic, Aleksa"]
[Result "0-1"]
[WhiteElo "2314"]
[BlackElo "2544"]
[PlyCount "86"]
[EventDate "2010.03.29"]
[EventType "swiss"]
[EventRounds "9"]
[EventCountry "ESP"]
[Source "Arranz, Pablo"]
[SourceDate "2010.03.29"]

1. e4 c5 2. Nf3 a6 3. c4 e6 4. Nc3 b6 5. Be2 Bb7 6. O-O d6 7. d4 cxd4 8. Nxd4
Nf6 9. f3 Be7 10. Be3 O-O 11. Qd2 Qc7 12. Rfd1 Nbd7 13. a4 Ne5 14. a5 bxa5 15.
Nb3 Rab8 16. Ba7 Rbc8 17. Qe3 Ned7 18. Nxa5 Ra8 19. Qf2 Bc8 20. Bd4 Rb8 21. Ra2
Nc5 22. Kh1 Bd7 23. Qg3 Nh5 24. Qe1 Nf6 25. Qg3 Rb4 26. Qe1 Rfb8 27. Nb5 Bxb5
28. Qxb4 Ba4 29. Qd2 Bxd1 30. Bxd1 Ncd7 31. Ba4 Bf8 32. Nc6 Rc8 33. b4 Nb6 34.
Bxb6 Qxb6 35. b5 axb5 36. cxb5 Nd7 37. g3 Ra8 38. Qb4 d5 39. Ne7+ Kh8 40. exd5
exd5 41. Re2 Nf6 42. Bd1 Qb7 43. Kg2 Ng8 0-1

[Event "III Memorial Pedro Lezcano Montalvo 10"]
[Site "Gran Canaria (ESP)"]
[Date "2010.03.31"]
[Round "3.2"]
[White "Hernandez, Holden"]
[Black "Gonzalez Garcia, Guillermo"]
[Result "1-0"]
[WhiteElo "2541"]
[BlackElo "2217"]
[PlyCount "39"]
[EventDate "2010.03.29"]
[EventType "swiss"]
[EventRounds "9"]
[EventCountry "ESP"]
[Source "Arranz, Pablo"]
[SourceDate "2010.03.29"]

1. e4 g6 2. d4 d6 3. Bc4 Nf6 4. Qe2 Bg7 5. Nf3 O-O 6. O-O d5 7. exd5 Nxd5 8. h3
b6 9. Nc3 c6 10. Bg5 f6 11. Bh4 e6 12. Rfe1 a5 13. Ne4 Na6 14. a4 Nac7 15. Bb3
Bh6 16. c4 Ba6 17. Ne5 Nb4 18. Rad1 Qe7 19. Nxf6+ Rxf6 20. Ng4 1-0

[Event "III Memorial Pedro Lezcano Montalvo 10"]
[Site "Gran Canaria (ESP)"]
[Date "2010.03.31"]
[Round "3.3"]
[White "Alvarado Ascanio, Francisco"]
[Black "Kurajica, Bojan"]
[Result "0-1"]
[WhiteElo "2230"]
[BlackElo "2525"]
[PlyCount "70"]
[EventDate "2010.03.29"]
[EventType "swiss"]
[EventRounds "9"]
[EventCountry "ESP"]
[Source "Arranz, Pablo"]
[SourceDate "2010.03.29"]

1. d4 Nf6 2. Nf3 e6 3. e3 c5 4. Bd3 d5 5. b3 Nc6 6. O-O a6 7. Bb2 b5 8. dxc5
Bxc5 9. Nbd2 Bb7 10. a3 Ne7 11. Qe2 O-O 12. Ng5 Ng6 13. Qf3 Re8 14. Qh3 e5 15.
Bxg6 hxg6 16. Ndf3 Bd6 17. Qh4 Qc8 18. Rac1 Qg4 19. Qxg4 Nxg4 20. h3 Nh6 21.
Nd2 e4 22. Rfd1 Rad8 23. h4 Nf5 24. c4 f6 25. Nh3 Nxh4 26. c5 Bc7 27. Kf1 Nf5
28. Nb1 Bc6 29. b4 g5 30. g3 Kf7 31. Ng1 Rh8 32. Ne2 Rh2 33. Nd4 Nxd4 34. Bxd4
Bd7 35. Nc3 Bg4 0-1

[Event "III Memorial Pedro Lezcano Montalvo 10"]
[Site "Gran Canaria (ESP)"]
[Date "2010.03.31"]
[Round "3.4"]
[White "Barlov, Dragan"]
[Black "Camino Carrio, Nicanor"]
[Result "1-0"]
[WhiteElo "2487"]
[BlackElo "2128"]
[Annotator "Arranz,Pablo"]
[PlyCount "81"]
[EventDate "2010.03.29"]
[EventType "swiss"]
[EventRounds "9"]
[EventCountry "ESP"]
[Source "Arranz, Pablo"]
[SourceDate "2010.03.29"]

1. e4 c5 2. Nf3 d6 3. c3 Nf6 4. h3 g6 5. Bd3 Bg7 6. Bc2 O-O 7. O-O Nc6 8. Re1
e5 9. d3 h6 10. d4 cxd4 11. cxd4 exd4 12. Nxd4 Nxd4 13. Qxd4 Re8 14. Qb4 a5 15.
Qd2 d5 16. e5 Ne4 17. Bxe4 dxe4 18. Qxd8 Rxd8 19. Bf4 g5 20. Bg3 f6 21. exf6
Bxf6 22. Nc3 Bxc3 23. bxc3 Bf5 24. Rab1 Rd2 25. Rb5 Bg6 26. Rxb7 Rxa2 27. Be5
Bf7 $11 28. Rd1 Re8 29. Rdd7 Rxe5 30. Rxf7 Rb5 31. Rg7+ Kf8 32. Rbf7+ Ke8 33.
Ra7 Kf8 34. Rgc7 Re5 35. Rh7 Kg8 36. Rxh6 Rf5 37. Re6 Ra1+ 38. Kh2 Ra3 39. Rxe4
Rxf2 40. Re8+ Rf8 41. Re5 1-0

[Event "III Memorial Pedro Lezcano Montalvo 10"]
[Site "Gran Canaria (ESP)"]
[Date "2010.03.31"]
[Round "3.5"]
[White "Gonzalez Intelangelo, Gerardo"]
[Black "Ortega Hermida, Daniel"]
[Result "0-1"]
[WhiteElo "2095"]
[BlackElo "2389"]
[PlyCount "88"]
[EventDate "2010.03.29"]
[EventType "swiss"]
[EventRounds "9"]
[EventCountry "ESP"]
[Source "Arranz, Pablo"]
[SourceDate "2010.03.29"]

1. Nf3 Nf6 2. g3 d5 3. Bg2 c5 4. d3 Nc6 5. Nbd2 g6 6. O-O Bg7 7. c3 O-O 8. e4
e5 9. exd5 Nxd5 10. a4 h6 11. Re1 Re8 12. Nc4 Bf5 13. Nh4 Be6 14. Nf3 Qc7 15.
Qe2 Rad8 16. Nfd2 b6 17. Nf1 Qd7 18. Nfe3 Nde7 19. Bf1 f5 20. Nd2 Bf7 21. Nec4
Nd5 22. Qd1 Nf6 23. Qc2 Nh7 24. b3 Nf6 25. Bb2 Nd5 26. Rad1 a6 27. Nf3 b5 28.
axb5 axb5 29. Ne3 Nc7 30. Bg2 Rc8 31. Nd2 Red8 32. Bf1 Ne6 33. Qb1 h5 34. Nf3
Bf6 35. Ba1 f4 36. Ng2 Ng5 37. Nxg5 Bxg5 38. d4 cxd4 39. Bxb5 f3 40. Ne3 Bxe3
41. fxe3 Qh3 42. Qc2 dxe3 43. Rxd8+ Rxd8 44. Rxe3 Rd1+ 0-1

[Event "III Memorial Pedro Lezcano Montalvo 10"]
[Site "Gran Canaria (ESP)"]
[Date "2010.03.31"]
[Round "3.7"]
[White "Alvarado Diaz, Alejandro"]
[Black "Hernando Rodrigo, Jose Maria"]
[Result "0-1"]
[WhiteElo "1935"]
[BlackElo "2331"]
[PlyCount "102"]
[EventDate "2010.03.29"]
[EventType "swiss"]
[EventRounds "9"]
[EventCountry "ESP"]
[Source "Arranz, Pablo"]
[SourceDate "2010.03.29"]

1. Nf3 Nf6 2. c3 d5 3. g3 c5 4. Bg2 Nc6 5. O-O Bg4 6. d3 e6 7. Nbd2 Be7 8. a3
O-O 9. b4 cxb4 10. cxb4 b5 11. Nb3 Nd7 12. Bb2 Bf6 13. Qd2 Nb6 14. Rfc1 Rc8 15.
Bxf6 Qxf6 16. Ra2 Bxf3 17. Bxf3 Ne5 18. Bg2 Rxc1+ 19. Qxc1 Ng4 20. Bf3 Ne5 21.
Bg2 Rc8 22. Rc2 Rxc2 23. Qxc2 h5 24. Qc7 Na4 25. Qxa7 Nc3 26. f4 Nxe2+ 27. Kf2
Nxf4 28. gxf4 Qxf4+ 29. Kg1 Ng4 30. h3 Ne3 31. Qd4 Qg3 32. Qb2 Nxg2 33. Qxg2
Qxd3 34. Nd2 Qxa3 35. Nf3 Qxb4 36. Qg5 Qb1+ 37. Kf2 Qc2+ 38. Kf1 b4 39. Qd8+
Kh7 40. Qe7 Qf5 41. Kg2 b3 42. Qb7 Qc2+ 43. Kg3 f6 44. Nd4 Qd3+ 45. Nf3 h4+ 46.
Kf2 Qc2+ 47. Ke3 Qc5+ 48. Ke2 Qc4+ 49. Ke3 d4+ 50. Nxd4 Qc3+ 51. Ke4 f5+ 0-1

[Event "III Memorial Pedro Lezcano Montalvo 10"]
[Site "Gran Canaria (ESP)"]
[Date "2010.03.31"]
[Round "3.8"]
[White "Menvielle Lacourrelle, Augusto"]
[Black "Mayor Gonzalez, Julio"]
[Result "1-0"]
[WhiteElo "2287"]
[BlackElo "1913"]
[PlyCount "81"]
[EventDate "2010.03.29"]
[EventType "swiss"]
[EventRounds "9"]
[EventCountry "ESP"]
[Source "Arranz, Pablo"]
[SourceDate "2010.03.29"]

1. e4 e5 2. Nf3 Nc6 3. Bb5 a6 4. Ba4 Nf6 5. d3 b5 6. Bb3 Bc5 7. O-O d6 8. Bg5
h6 9. Bh4 g5 10. Bg3 Bg4 11. c3 Qd7 12. a4 Rb8 13. axb5 axb5 14. Nbd2 O-O 15.
Kh1 Kg7 16. Bc2 Bb6 17. Qe1 Nh5 18. Ng1 Ne7 19. f3 Be6 20. Bf2 c5 21. Ne2 Ng6
22. d4 Nhf4 23. d5 Nxg2 24. Kxg2 Bh3+ 25. Kh1 Bxf1 26. Nxf1 Ra8 27. Rb1 Qh3 28.
Ng1 Qd7 29. Ne3 Nf4 30. Nf5+ Kg6 31. Ne2 Nh5 32. Qf1 Rh8 33. Be3 Bc7 34. Qh3
Qe8 35. Rg1 f6 36. f4 Qd8 37. fxe5 dxe5 38. Bxc5 Ng7 39. Neg3 Nxf5 40. Qh5+ Kh7
41. Nxf5 1-0

[Event "III Memorial Pedro Lezcano Montalvo 10"]
[Site "Gran Canaria (ESP)"]
[Date "2010.03.31"]
[Round "3.9"]
[White "Natalicchio Escalante, Nicolas"]
[Black "Garcia Rodriguez, Sara"]
[Result "1-0"]
[WhiteElo "2257"]
[BlackElo "1840"]
[PlyCount "115"]
[EventDate "2010.03.29"]
[EventType "swiss"]
[EventRounds "9"]
[EventCountry "ESP"]
[Source "Arranz, Pablo"]
[SourceDate "2010.03.29"]

1. Nf3 Nf6 2. c4 g6 3. Nc3 Bg7 4. g3 O-O 5. Bg2 d6 6. d3 c6 7. O-O Na6 8. Rb1
Qa5 9. h3 d5 10. cxd5 Nxd5 11. Nxd5 cxd5 12. a3 Nc7 13. b4 Qb6 14. a4 a5 15. b5
e5 16. Qc2 Ne6 17. Bb2 Qd6 18. e4 dxe4 19. dxe4 Qc5 20. Qxc5 Nxc5 21. Ba3 b6
22. Bxc5 bxc5 23. Rfc1 Bb7 24. Rxc5 Bxe4 25. Nd2 Bxb1 26. Bxa8 Bd3 27. b6 Rb8
28. b7 Bf5 29. Nc4 Bf8 30. Rxa5 Be4 31. Rxe5 Bxb7 32. Bxb7 Rxb7 33. a5 f6 34.
Rd5 Rb4 35. Nb6 Rb1+ 36. Kg2 Ra1 37. Rb5 Kf7 38. Nd5 g5 39. Rb6 Rxa5 40. Rxf6+
Kg7 41. Rf5 h6 42. g4 Rc5 43. Kf3 Rc4 44. Nf6 Be7 45. Nh5+ Kg6 46. Ra5 Rc3+ 47.
Ke4 Bc5 48. Ra6+ Kh7 49. Rc6 Bb4 50. Rb6 Bf8 51. Rb7+ Kg6 52. Rb6+ Kh7 53. Rf6
Kg8 54. Kf5 Rf3+ 55. Kg6 Rxf6+ 56. Nxf6+ Kh8 57. Ne4 Kg8 58. Ng3 1-0

[Event "III Memorial Pedro Lezcano Montalvo 10"]
[Site "Gran Canaria (ESP)"]
[Date "2010.03.31"]
[Round "3.10"]
[White "Almeida Sanchez, Ciriaco"]
[Black "Vega Gutierrez, Belinda Vidina"]
[Result "0-1"]
[WhiteElo "2002"]
[BlackElo "2233"]
[PlyCount "88"]
[EventDate "2010.03.29"]
[EventType "swiss"]
[EventRounds "9"]
[EventCountry "ESP"]
[Source "Arranz, Pablo"]
[SourceDate "2010.03.29"]

1. e4 e5 2. Nf3 Nc6 3. Bc4 Nf6 4. d3 Be7 5. c3 O-O 6. O-O d6 7. Bb3 Na5 8. Bc2
c5 9. Nbd2 Nc6 10. Re1 Qc7 11. Nf1 Be6 12. Ng3 d5 13. Qe2 d4 14. Nh4 g6 15. Nf3
b5 16. Bb3 Bxb3 17. axb3 dxc3 18. bxc3 Rfd8 19. Bg5 b4 20. Rec1 a5 21. Nf1 Ne8
22. Bd2 Qd6 23. Ne1 bxc3 24. Bxc3 Qe6 25. Qc2 Rdb8 26. Rcb1 Nd4 27. Bxd4 cxd4
28. Nd2 Bb4 29. Nc4 Nd6 30. Nf3 Nxc4 31. bxc4 Ra6 32. Nd2 Rab6 33. Rd1 Bc3 34.
Rab1 Rb2 35. Rxb2 Rxb2 36. Qc1 Qf6 37. Nf3 Kg7 38. Rf1 h6 39. Qd1 Rb5 40. Qc2
a4 41. Rb1 Rxb1+ 42. Qxb1 a3 43. Kf1 Qe7 44. Qb5 a2 0-1

[Event "III Memorial Pedro Lezcano Montalvo 10"]
[Site "Gran Canaria (ESP)"]
[Date "2010.03.31"]
[Round "3.11"]
[White "Herrera Reyes, Jose Antonio"]
[Black "Ortiz Perez, Hector"]
[Result "1-0"]
[WhiteElo "2119"]
[BlackElo "1988"]
[PlyCount "85"]
[EventDate "2010.03.29"]
[EventType "swiss"]
[EventRounds "9"]
[EventCountry "ESP"]
[Source "Arranz, Pablo"]
[SourceDate "2010.03.29"]

1. e4 g6 2. d4 Bg7 3. f4 d6 4. Nf3 Nf6 5. Nc3 O-O 6. e5 dxe5 7. fxe5 Nd5 8. Bc4
Nb6 9. Bb3 c5 10. dxc5 Qxd1+ 11. Kxd1 N6d7 12. Bg5 Nxc5 13. Bxe7 Nxb3 14. axb3
Re8 15. Bd6 Bg4 16. Nd5 Na6 17. Re1 Rad8 18. c4 Be6 19. Ra5 Bxd5 20. Rxd5 Bf8
21. Ng5 Bxd6 22. exd6 Rxe1+ 23. Kxe1 b6 24. Kf2 h6 25. Ne4 f5 26. Nc3 Nb4 27.
Rd2 Kf7 28. Nb5 a6 29. Nc7 Kf6 30. Re2 Nc6 31. Re6+ Kf7 32. h4 Nd4 33. Re7+ Kf8
34. Nxa6 Rxd6 35. Re3 Nc6 36. Nc7 Ne7 37. b4 Rd2+ 38. Re2 Rd7 39. Ne6+ Kf7 40.
c5 Nc6 41. b5 Na7 42. cxb6 Nxb5 43. b7 1-0

[Event "III Memorial Pedro Lezcano Montalvo 10"]
[Site "Gran Canaria (ESP)"]
[Date "2010.03.31"]
[Round "3.12"]
[White "Cruz Pino, Adrian"]
[Black "Lopez Pereyra, Antonio"]
[Result "1/2-1/2"]
[WhiteElo "1808"]
[BlackElo "2097"]
[PlyCount "92"]
[EventDate "2010.03.29"]
[EventType "swiss"]
[EventRounds "9"]
[EventCountry "ESP"]
[Source "Arranz, Pablo"]
[SourceDate "2010.03.29"]

1. e4 c5 2. Nf3 Nc6 3. d4 cxd4 4. Nxd4 Nf6 5. Nc3 d6 6. Be2 e5 7. Nb3 Be7 8.
Be3 O-O 9. O-O a5 10. a4 Nb4 11. f3 d5 12. exd5 Nfxd5 13. Nxd5 Nxd5 14. Bf2 Nf4
15. Re1 Qc7 16. c3 Bf5 17. Bf1 Rfd8 18. Qc1 Bd3 19. g3 Bxf1 20. gxf4 Bh3 21.
fxe5 Ra6 22. Kh1 Rg6 23. Bg3 Qc4 24. Nd4 Bg5 25. Qd1 h5 26. Qe2 Qd5 27. Qe4 h4
28. Qxd5 Rxd5 29. Bf2 Be7 30. Rg1 Rxg1+ 31. Rxg1 Rxe5 32. Re1 Rxe1+ 33. Bxe1 g5
34. Bd2 Kg7 35. f4 Kg6 36. Kg1 Bd7 37. fxg5 Bxg5 38. Bxg5 Kxg5 39. b3 Kf4 40.
Kf2 Ke4 41. Ke2 f5 42. Nf3 b5 43. axb5 Bxb5+ 44. c4 Ba6 45. Nxh4 a4 46. bxa4
Bxc4+ 1/2-1/2

[Event "III Memorial Pedro Lezcano Montalvo 10"]
[Site "Gran Canaria (ESP)"]
[Date "2010.03.31"]
[Round "3.14"]
[White "Guerrero Ruiz, Jose Luis"]
[Black "Lopez Colon, Francisco"]
[Result "0-1"]
[WhiteElo "1747"]
[BlackElo "2245"]
[PlyCount "52"]
[EventDate "2010.03.29"]
[EventType "swiss"]
[EventRounds "9"]
[EventCountry "ESP"]
[Source "Arranz, Pablo"]
[SourceDate "2010.03.29"]

1. c4 c5 2. Nf3 Nc6 3. Nc3 e5 4. d3 g6 5. g3 Bg7 6. Bg2 Nge7 7. h4 h6 8. a3 d6
9. O-O O-O 10. Be3 Kh7 11. Ne1 f5 12. Nc2 f4 13. Bd2 Nf5 14. Qe1 Ncd4 15. Nxd4
Nxd4 16. Qd1 Bg4 17. Bxb7 Rb8 18. Bf3 Bxf3 19. exf3 Rxb2 20. Qc1 Rxd2 21. Kg2
Rxd3 22. Nb5 Nxb5 23. cxb5 Qa8 24. Ra2 Qxf3+ 25. Kg1 e4 26. Qb1 fxg3 0-1

[Event "III Memorial Pedro Lezcano Montalvo 10"]
[Site "Gran Canaria (ESP)"]
[Date "2010.04.01"]
[Round "4.1"]
[White "Strikovic, Aleksa"]
[Black "Barlov, Dragan"]
[Result "1/2-1/2"]
[WhiteElo "2544"]
[BlackElo "2487"]
[PlyCount "20"]
[EventDate "2010.03.29"]
[EventType "swiss"]
[EventRounds "9"]
[EventCountry "ESP"]
[Source "Arranz, Pablo"]
[SourceDate "2010.03.29"]

1. c4 c5 2. Nf3 Nc6 3. g3 g6 4. Bg2 Bg7 5. O-O Nf6 6. Nc3 O-O 7. d4 d6 8. d5
Na5 9. Nd2 a6 10. Qc2 Bd7 1/2-1/2

[Event "III Memorial Pedro Lezcano Montalvo 10"]
[Site "Gran Canaria (ESP)"]
[Date "2010.04.01"]
[Round "4.2"]
[White "Ortega Hermida, Daniel"]
[Black "Hernandez, Holden"]
[Result "0-1"]
[WhiteElo "2389"]
[BlackElo "2541"]
[PlyCount "64"]
[EventDate "2010.03.29"]
[EventType "swiss"]
[EventRounds "9"]
[EventCountry "ESP"]
[Source "Arranz, Pablo"]
[SourceDate "2010.03.29"]

1. d4 Nf6 2. c4 e6 3. Nf3 b6 4. a3 Bb7 5. Nc3 g6 6. Qc2 Bg7 7. e4 O-O 8. e5 Ne8
9. Bg5 f6 10. exf6 Bxf6 11. Bh6 Bg7 12. Bxg7 Nxg7 13. d5 c5 14. O-O-O exd5 15.
cxd5 d6 16. h4 Nd7 17. Ng5 Ne5 18. g3 Bc8 19. f4 Ng4 20. Re1 Nf5 21. Ne6 Bxe6
22. dxe6 d5 23. Nxd5 Qxd5 24. e7 Nfe3 25. exf8=Q+ Kxf8 26. Qc3 Qxh1 27. Bh3
Qxh3 28. Qh8+ Kf7 29. Qxa8 Qxg3 30. Qxa7+ Kg8 31. Qa8+ Kg7 32. Qh1 Nf2 0-1

[Event "III Memorial Pedro Lezcano Montalvo 10"]
[Site "Gran Canaria (ESP)"]
[Date "2010.04.01"]
[Round "4.3"]
[White "Kurajica, Bojan"]
[Black "Cabrera Trujillo, Jorge"]
[Result "1-0"]
[WhiteElo "2525"]
[BlackElo "2370"]
[PlyCount "59"]
[EventDate "2010.03.29"]
[EventType "swiss"]
[EventRounds "9"]
[EventCountry "ESP"]
[Source "Arranz, Pablo"]
[SourceDate "2010.03.29"]

1. d4 Nf6 2. c4 g6 3. Nf3 Bg7 4. g3 O-O 5. Bg2 d6 6. O-O Nbd7 7. Qc2 e5 8. Rd1
Re8 9. Nc3 e4 10. Nd2 e3 11. fxe3 Ng4 12. Nf1 f5 13. e4 c5 14. e3 cxd4 15. exd4
Qb6 16. Qd2 Bh6 17. Qd3 Nde5 18. Qc2 Nc6 19. Nd5 Qd8 20. Bxh6 Nxh6 21. Nfe3 Kg7
22. Rd2 Qg5 23. Qc3 Rb8 24. Rf1 fxe4 25. Nf6 Bf5 26. Nxe8+ Rxe8 27. Rf4 Nf7 28.
h4 Qh5 29. g4 Qxh4 30. Rxf5 1-0

[Event "III Memorial Pedro Lezcano Montalvo 10"]
[Site "Gran Canaria (ESP)"]
[Date "2010.04.01"]
[Round "4.4"]
[White "Hernando Rodrigo, Jose Maria"]
[Black "Natalicchio Escalante, Nicolas"]
[Result "1-0"]
[WhiteElo "2331"]
[BlackElo "2257"]
[PlyCount "37"]
[EventDate "2010.03.29"]
[EventType "swiss"]
[EventRounds "9"]
[EventCountry "ESP"]
[Source "Arranz, Pablo"]
[SourceDate "2010.03.29"]

1. d4 Nf6 2. Nf3 e6 3. e3 c5 4. Bd3 cxd4 5. exd4 b6 6. Bg5 Bb7 7. Nbd2 Be7 8.
c3 O-O 9. h4 h6 10. Rh3 d6 11. Qe2 Nbd7 12. Bxh6 e5 13. Bxg7 Kxg7 14. Rg3+ Kh8
15. Qe3 Ng8 16. dxe5 Nxe5 17. Nxe5 dxe5 18. Qxe5+ Nf6 19. Qg5 1-0

[Event "III Memorial Pedro Lezcano Montalvo 10"]
[Site "Gran Canaria (ESP)"]
[Date "2010.04.01"]
[Round "4.5"]
[White "Herrera Reyes, Jose Antonio"]
[Black "Menvielle Lacourrelle, Augusto"]
[Result "0-1"]
[WhiteElo "2119"]
[BlackElo "2287"]
[PlyCount "76"]
[EventDate "2010.03.29"]
[EventType "swiss"]
[EventRounds "9"]
[EventCountry "ESP"]
[Source "Arranz, Pablo"]
[SourceDate "2010.03.29"]

1. e4 c5 2. Nf3 d6 3. c3 Nf6 4. h3 Nc6 5. Bd3 g6 6. O-O Bg7 7. Bc2 O-O 8. d4
cxd4 9. cxd4 Nb4 10. Bb3 d5 11. e5 Ne4 12. Nc3 Nxc3 13. bxc3 Nc6 14. a4 Na5 15.
Ba2 b6 16. Re1 Nc4 17. Bxc4 dxc4 18. Qe2 Qd5 19. Ba3 Re8 20. Nd2 Bb7 21. f3
Rac8 22. a5 bxa5 23. Bc5 Rxc5 24. dxc5 Qxc5+ 25. Qe3 Qxe3+ 26. Rxe3 Bh6 27. Re2
Rd8 28. Ne4 Rd5 29. e6 f5 30. Nf2 Kg7 31. Rb1 Bc6 32. Rb8 Bf4 33. Rc8 Bb7 34.
Re8 Bd6 35. Kf1 a4 36. Rd8 a3 37. Rd7 Rb5 38. Rd2 Kf6 0-1

[Event "III Memorial Pedro Lezcano Montalvo 10"]
[Site "Gran Canaria (ESP)"]
[Date "2010.04.01"]
[Round "4.6"]
[White "Vega Gutierrez, Belinda Vidina"]
[Black "Estevez Hernandez, Cristo"]
[Result "1-0"]
[WhiteElo "2233"]
[BlackElo "1810"]
[PlyCount "43"]
[EventDate "2010.03.29"]
[EventType "swiss"]
[EventRounds "9"]
[EventCountry "ESP"]
[Source "Arranz, Pablo"]
[SourceDate "2010.03.29"]

1. e4 c5 2. Nf3 d6 3. d4 cxd4 4. Nxd4 Nf6 5. Nc3 a6 6. Be2 e5 7. Nb3 Be6 8. f4
Qc7 9. g4 b5 10. g5 Nfd7 11. f5 Bc4 12. Bf3 Nc6 13. Be3 b4 14. Nd5 Bxd5 15.
exd5 Na5 16. Nxa5 Qxa5 17. O-O Be7 18. Qd2 Nb6 19. b3 Qb5 20. a3 a5 21. axb4
axb4 22. Be2 1-0